| 000 | 005180000a22001810004500 | ||
|---|---|---|---|
| 041 | 0 | _aSPA | |
| 082 | 0 | 4 | _aG 268.13 T621b |
| 100 | 1 | _aTitone, Renzo | |
| 245 | 1 | 0 | _aBilingües a los tres años / Renzo Titone ; María Celia Eguibar, Traductora |
| 260 | _aBuenos Aires, Argentina : Kapelusz | ||
| 300 | _a111 Pag | ||
| 500 | _aTitulo original : Bilingui a tre anni | ||
| 001 | 7832 | ||
| 942 | _cBK | ||
| 999 |
_c38036 _d38036 |
||
| 336 |
_atexto _btxt _2rdacontent |
||
| 337 |
_2rdamedia _asin mediación _bn |
||
| 338 |
_2rdacarrier _avolumen _bnc |
||